Летопис на моя музикален живот (Запис номер 23343)
[ съкратено ]
| 000 -Лидер | |
|---|---|
| Контролно поле с фиксирана дължина | 02008nam a2200433 a 4500 |
| 003 - Код на организацията, давaща контролен номер | |
| Контролно поле | BLK |
| 005 - Дата и час на последна редакция | |
| Контролно поле | 20241024005426.0 |
| 008 - Елементи от данни с фиксирана дължина | |
| fixed length control field | 180413b bul|||||r ||||||| ||bul|| |
| 010 ## - Наследен системен номер | |
| LC control number | KNG00025819000 |
| 040 ## - Източник на каталожния запис | |
| Идентификатор на билиотеката - собственик на записа | BLK |
| 041 ## - Код за език | |
| Код за езика на текст/звукозапис или на отделно заглавие | Български |
| Код за езика КДБФ | Български |
| 080 ## - УДК | |
| Текстов определител УДК | Музиканти-творци, композитори |
| УДК код - определител по УДК | 78.071.1 |
| УДК определител | (470)(092) |
| УДК - код + определител | 78.071.1(470)(092) |
| 080 ## - УДК | |
| Текстов определител УДК | Руски композитор |
| УДК код - определител по УДК | 929 Римски-Корсаков, Николай Андреевич |
| УДК - код + определител | 929 Римски-Корсаков, Николай Андреевич |
| 100 ## - Редна дума - Автор | |
| Автор | Римски-Корсаков, Николай Андреевич |
| Дати, свързани с автора | 1844 - 1908 |
| Автор - информация (биография) | Руски композитор |
| R(LIN) | 365844 |
| 139 ## - Редно поле | |
| Редна дума | Римски-Корсаков, Николай Андреевич |
| Авторски знак | Рил - Р 62 |
| 245 10 - Сведения за заглавието | |
| Заглавие | Летопис на моя музикален живот |
| Редно поле (дума) | Николай Андреевич Римски-Корсаков; прев. от рус. Теодора Генчева Узунова. |
| 257 ## - Страна на издаване | |
| Страна на създаване/издаване | СССР |
| 260 ## - Област на издателските данни | |
| Име на издателя, разпространителя и проч. | Музика |
| Година на издаване | 1978 |
| Място на издаване, разпространение и проч. | София |
| 300 ## - Физическа характеристика | |
| Страници | 463 с., 16 л. |
| Илюстрации и др. | с ил. |
| Размери/Мащаб | 20 см |
| 380 ## - Жанр | |
| Жанр | Изкуство |
| 500 ## - Общи забележки | |
| Забележка | Списък на съкр. ; Именен показалец. |
| 600 #0 - Име на лице, използвано като предмет | |
| За него / За нея | Римски-Корсаков, Николай Андреевич |
| Свързани дати | 1844 - 1908 |
| Друга информация | Руски композитор |
| 9 (RLIN) | 365844 |
| 650 #4 - Допълнително описание по предмет – тема | |
| Основно описание – тема или топоним | Композитори, руски |
| 9 (RLIN) | 267007 |
| 650 #4 - Допълнително описание по предмет – тема | |
| Основно описание – тема или топоним | Музика - Русия |
| 9 (RLIN) | 267008 |
| 651 #4 - Допълнително описание по предмет - топоним | |
| Географско понятие | Русия |
| 9 (RLIN) | 179465 |
| 653 ## - Ключова дума – ненормативна | |
| Ключова дума | композитори |
| 653 ## - Ключова дума – ненормативна | |
| Ключова дума | биографии |
| 653 ## - Ключова дума – ненормативна | |
| Ключова дума | Русия |
| 653 ## - Ключова дума – ненормативна | |
| Ключова дума | Николай Римски-Корсаков |
| 700 1# - Други автори (авторска отговорност) | |
| Лично име | Узунова, Теодора Генчева |
| Автороска отговорност (Описва отношението между автора и произведението) | прев. от рус. |
| 9 (RLIN) | 267006 |
| 852 ## - Местоположение | |
| Форматна сигнатура | Цб 93740 |
| Фондова буква | Хранилище |
| 856 4# - Електронен адрес и достъп | |
| Електронен формат | pdf - файл |
| Път до файла /url/ | |
| Инструкция (цена за достъп) | 0.00 |
| Права за достъп | disable |
| 856 4# - Електронен адрес и достъп | |
| Електронен формат | pdf - файл |
| Път до файла /url/ | |
| Инструкция (цена за достъп) | 0.00 |
| Права за достъп | disable |
| 942 ## - АРТИКУЛИ | |
| Вид на библиотечния материал | Книги |
| Скрит в OPAC | Не |
| Периодичен библиозапис | Да |
| 944 ## - СЪЗДАВАНЕ И РЕДАКЦИЯ на ЗАПИСА | |
| Създаване/Редакция | Създаване |
| Дата на регистрацията/редакция | 17.05.2011 |
| Статус, дата на статуса | CRON CRON |
| Служител, извършил регистрацията/редакцията | |
| 944 ## - СЪЗДАВАНЕ И РЕДАКЦИЯ на ЗАПИСА | |
| Създаване/Редакция | Редакция |
| Дата на регистрацията/редакция | 16.09.2014 |
| Статус, дата на статуса | добави в АБ / 14.05.2011 |
| 999 ## - СИСТЕМНИ КОНТРОЛНИ НОМЕРА | |
| Koha biblionumber | 23343 |
| Koha biblioitemnumber | 23343 |
| 999 ## - СИСТЕМНИ КОНТРОЛНИ НОМЕРА | |
| Koha biblioitemnumber | 23343 |
| 999 ## - СИСТЕМНИ КОНТРОЛНИ НОМЕРА | |
| Koha biblioitemnumber | 23343 |
| Код за отписване | Код за изгубен артикул | Източник на класификационната схема | Код за повреда | Коз за рестрикции | Код за отдаване | Артикулен № | Име на библиотеката - собственик | Име на библиотеката, в която се намира в момента | Статус (Текущо местоположение) | Дата на вписване в системата | Местоположение - отдел | Цена в лева | Инвентарен номер | Систематично азбучна сигнатура | Баркод | Номер на екземпляра | Цена в евро | Служебна бележка | Служебен тип на артикула |
|---|---|---|---|---|---|---|---|---|---|---|---|---|---|---|---|---|---|---|---|
| Изтеглен | Не е изгубен | Universal Decimal Classification | Не е повреден | без рестрикции | заемане за дома | 38531 | Регионална библиотека "Любен Каравелов" Русе | Регионална библиотека "Любен Каравелов" Русе | Отдел Изкуство - подръчен фонд | 1978-01-01 | Отдел Изкуство - подръчен фонд | 2.08 | 264208 | 78.071.1(092)/Р 62 | 264208 | 1 | 1.06 | N: стар фонд Дата: 01.01.1978 Дата инв: 19.06.2012 Бележки инв: | Книги |
| Изтеглен | Не е изгубен | Universal Decimal Classification | Не е повреден | без рестрикции | заемане за дома | 38532 | Регионална библиотека "Любен Каравелов" Русе | Регионална библиотека "Любен Каравелов" Русе | Отдел Изкуство - подръчен фонд | 1978-01-01 | Отдел Изкуство - подръчен фонд | 2.08 | 264198 | 78.071.1(092)/Р 62 | 264198 | 2 | 1.06 | Дост: Pk Вид: Ф N: сф Дата: 01.01.1978 Дата инв: 03.04.2017 Бележки инв: ИП2017 | Книги |
| Не е изгубен | Universal Decimal Classification | Не е повреден | без рестрикции | заемане за дома | 38533 | Регионална библиотека "Любен Каравелов" Русе | Регионална библиотека "Любен Каравелов" Русе | Отдел Изкуство - подръчен фонд | 1978-01-01 | Отдел Изкуство - подръчен фонд | 2.08 | 264204 | 78.071.1(092)/Р 62 | 120000264204 | 3 | 1.06 | Дост: Pk Вид: Ф N: сф Дата: 01.01.1978 Дата инв: 03.04.2017 Бележки инв: ИП2017 | Книги | |
| Не е изгубен | Universal Decimal Classification | Не е повреден | само за читалня | ползва се в читалня | 38534 | Регионална библиотека "Любен Каравелов" Русе | Регионална библиотека "Любен Каравелов" Русе | Хранилище | 1978-01-01 | Хранилище | 2.08 | 263647 | Цб 93740 | 120000263647 | 4 | 1.06 | Дост: Dp Вид: Д N: сф Дата: 01.01.1978 | Книги |